Tramwaje Warszawa- Linia 23 (przystanki) - Statystyki

Ogólne statystyki
  • Ten quiz został rozwiązany 45 razy
  • Średni wynik to 18 z 25
Statystyki odpowiedzi
Numer przystanku Nazwa przystanku % Poprawnych
25. Nowe Bemowo
94%
6. Stare Miasto
88%
1. Czynszowa
84%
8. Kino Femina
84%
7. Metro Ratusz-Arsenał
81%
11. Zajezdnia Wola
81%
4. Dworzec Wileński
78%
20. Koło
78%
10. Okopowa
78%
9. Wola-ratusz
78%
12. Młynarska
75%
5. Park Praski
75%
16. PKP Koło
75%
14. Młynów
72%
19. Dalibora
66%
17. Magistracka
66%
18. Deotymy
63%
21. Marynin
63%
15. Wawrzyszewska
63%
13. Długosza
59%
23. Radiowa
59%
24. Wrocławska
59%
22. Orlich Gniazd
56%
3. Inżynierska
53%
2. Konopacka
38%
Nie znaleziono quizów pasujących do podanych kryteriów
Rozkład punktacji
Procent ludzi z każdym wynikiem
Percentyl według liczby udzielonych odpowiedzi
Twoja historia wyników
Nie rozwiązałeś tego quizu